Toutes les communes du Jura sur une carte - Statistiques

Statistiques générales
  • Ce quiz a été pris 914 fois
    270 depuis la dernière actualisation
  • Le résultat moyen est 72 sur 492
Réponses sur la Carte
Les réponses sont colorées sur une échelle allant du rouge au vert en fonction du pourcentage des utilisateurs qui les ont devinées à leur premier essai. Vous pouvez retrouver ces pourcentages ci-dessous.
 
Statistiques - réponses
Population Commune % Correct
17 092 Lons-le-Saunier
94%
23 611 Dole
86%
4 088 Poligny
75%
8 895 Saint-Claude
75%
3 239 Arbois
73%
8 040 Champagnole
71%
595 La Chailleuse
63%
3 663 Les Rousses
63%
5 226 Hauts de Bienne
59%
2 274 Morbier
55%
789 Nanchez
54%
632 Grande-Rivière Château
51%
2 528 Salins-les-Bains
51%
1 824 Saint-Laurent-en-Grandvaux
50%
1 427 Clairvaux-les-Lacs
46%
1 604 Orgelet
45%
3 099 Montmorot
44%
3 934 Tavaux
44%
565 La Chaux-du-Dombief
43%
32 La Chaux-en-Bresse
43%
2 379 Saint-Amour
42%
1 196 Arlay
40%
71 Chaux-Champagny
40%
390 Chaux-des-Crotenay
40%
2 133 Moirans-en-Montagne
40%
1 062 Mouchard
36%
785 Voiteur
36%
1 527 Bletterans
34%
1 650 Bois-d'Amont
34%
57 Bois-de-Gand
34%
1 220 Domblans
34%
158 Baume-les-Messieurs
33%
280 Doucier
33%
648 Lamoura
33%
1 511 Perrigny
33%
634 Crotenay
32%
973 Hauteroche
32%
306 La Chapelle-sur-Furieuse
32%
2 327 Lavans-lès-Saint-Claude
32%
766 Les Trois-Châteaux
32%
432 Saint-Hymetière-sur-Valouse
32%
1 287 Mont-sous-Vaudrey
31%
331 Lavans-lès-Dole
30%
631 Pont-de-Poitte
30%
1 112 Arinthod
29%
601 Chapelle-Voland
29%
193 Foncine-le-Bas
29%
1 099 Foncine-le-Haut
29%
368 Saint-Pierre
28%
516 Bellefontaine
27%
1 563 Chaussin
27%
1 143 Courlaoux
27%
394 Nozeroy
27%
1 201 Prémanon
27%
390 Villette-lès-Arbois
27%
781 Villette-lès-Dole
27%
383 Saint-Germain-en-Montagne
26%
677 Vaux-lès-Saint-Claude
26%
242 Le Pin
25%
159 Les Planches-en-Montagne
25%
88 Les Planches-près-Arbois
25%
568 L' Étoile
25%
853 Messia-sur-Sorne
25%
595 Ney
25%
1 093 Petit-Noir
25%
787 Val Suran
25%
1 422 Beaufort-Orbagna
24%
1 014 Choisey
24%
2 621 Damparis
24%
275 Pont-du-Navoy
24%
140 Château-Chalon
23%
2 191 Coteaux du Lizon
23%
927 Courlans
23%
1 297 Cousance
23%
1 134 Longchaumois
23%
494 Montrond
23%
1 004 Parcey
23%
725 Sellières
23%
2 272 Foucherans
22%
286 Lajoux
22%
414 Montaigu
22%
294 Nevy-lès-Dole
22%
195 Nevy-sur-Seille
22%
661 Conliège
21%
355 La Marre
21%
329 La Pesse
21%
979 Macornay
21%
846 Mignovillard
21%
297 Nogna
21%
676 Rochefort-sur-Nenon
21%
229 Saint-Maur
21%
800 Septmoncel les Molunes
21%
676 Villers-Farlay
21%
222 Villers-les-Bois
21%
235 Villers-Robert
21%
850 Abergement-la-Ronce
20%
61 Abergement-le-Grand
20%
50 Abergement-le-Petit
20%
53 Abergement-lès-Thésy
20%
530 Andelot-en-Montagne
20%
92 Andelot-Morval
20%
607 Chilly-le-Vignoble
20%
96 Chilly-sur-Salins
20%
1 192 Fraisans
20%
214 Les Arsures
20%
1 105 Orchamps
20%
1 821 Saint-Aubin
20%
527 Sirod
20%
215 Archelange
19%
832 Authume
19%
1 456 Champvans
19%
896 Commenailles
19%
235 Montigny-lès-Arsures
19%
207 Montigny-sur-l'Ain
19%
248 Pupillin
19%
191 Syam
19%
1 302 Val-Sonnette
19%
100 Arsure-Arsurette
18%
391 Buvilly
18%
1 120 Chassal-Molinges
18%
52 Châtel-de-Joux
18%
243 La Barre
18%
474 Pannessières
18%
439 Pleure
18%
505 Ranchot
18%
758 Ruffey-sur-Seille
18%
215 Toulouse-le-Château
18%
89 Villeneuve-d'Aval
18%
298 Villeneuve-sous-Pymont
18%
445 Amange
17%
267 Audelange
17%
470 Chaumergy
17%
296 Chille
17%
242 Cogna
17%
679 Crissey
17%
1 315 Dampierre
17%
170 Le Frasnois
17%
427 Meussia
17%
340 Ounans
17%
336 Passenans
17%
1 171 Sampans
17%
297 Vevy
17%
711 Villevieux
17%
406 Bersaillin
16%
481 Desnes
16%
449 Gevingey
16%
393 La Chaumusse
16%
574 La Loye
16%
1 008 Le Deschaux
16%
569 Moissey
16%
456 Saint-Lothain
16%
355 Vaudrey
16%
227 Vers-en-Montagne
16%
252 Vers-sous-Sellières
16%
692 Brevans
15%
113 Châtillon
15%
307 Étival
15%
268 Le Pasquier
15%
171 Loulle
15%
522 Plainoiseau
15%
70 Bief-des-Maisons
14%
211 Bief-du-Fourg
14%
104 Biefmorin
14%
161 Chamole
14%
803 Cize
14%
256 Cressia
14%
404 Falletans
14%
109 Frasne-les-Meulières
14%
37 Grange-de-Vaivre
14%
537 Jouhe
14%
390 Lac-des-Rouges-Truites
14%
250 La Tour-du-Meix
14%
333 Monnet-la-Ville
14%
490 Montain
14%
529 Port-Lesney
14%
241 Revigny
14%
232 Saint-Maurice-Crillat
14%
395 Tassenières
14%
456 Tourmont
14%
193 Verges
14%
890 Viry
14%
441 Aiglepierre
13%
115 Ardon
13%
250 Bonlieu
13%
424 Chamblay
13%
334 Chemin
13%
583 Équevillon
13%
75 Fontenu
13%
714 Gevry
13%
384 Lavigny
13%
310 Les Bouchoux
13%
210 Plasne
13%
266 Saint-Didier
13%
604 Villard-Saint-Sauveur
13%
385 Villards-d'Héria
13%
466 Aumont
12%
492 Baverans
12%
251 Belmont
12%
157 Besain
12%
47 Billecul
12%
177 Blye
12%
116 Bonnefontaine
12%
93 Bourg-de-Sirod
12%
268 Bracon
12%
122 Champagne-sur-Loue
12%
288 Charchilla
12%
413 Châtenois
12%
358 Cosges
12%
594 Courbouzon
12%
390 Cuisia
12%
379 Éclans-Nenon
12%
432 Étrepigney
12%
431 Gendrey
12%
610 Larnaud
12%
392 La Vieille-Loye
12%
191 Le Fied
12%
160 Les Moussières
12%
289 Le Vernois
12%
215 Marigny
12%
316 Menotey
12%
306 Montbarrey
12%
231 Mont-sur-Monnet
12%
133 Peintre
12%
334 Poids-de-Fiole
12%
282 Publy
12%
461 Rahon
12%
527 Rans
12%
203 Romange
12%
492 Souvans
12%
848 Thoirette-Coisia
12%
162 Vriange
12%
417 Annoire
11%
634 Aromas
11%
172 Brainans
11%
335 Censeau
11%
175 Charézier
11%
126 Châtelneuf
11%
526 Cramans
11%
389 Grozon
11%
197 La Ferté
11%
328 Maisod
11%
159 Menétru-le-Vignoble
11%
175 Mesnois
11%
98 Picarreau
11%
243 Saint-Cyr-Montmalin
11%
184 Thoiria
11%
194 Bans
10%
144 Barésia-sur-l'Ain
10%
417 Biarne
10%
202 Briod
10%
143 Cernans
10%
442 Champdivers
10%
142 Charcier
10%
281 Chevigny
10%
314 Chissey-sur-Loue
10%
222 Écleux
10%
657 Évans
10%
81 Fay-en-Montagne
10%
454 Fort-du-Plasne
10%
132 Gredisans
10%
47 Ladoye-sur-Seille
10%
193 La Rixouse
10%
621 Lavancia-Epercy
10%
348 Lect
10%
191 Les Crozets
10%
118 Les Deux-Fays
10%
98 Les Nans
10%
58 Longcochon
10%
487 Longwy-sur-le-Doubs
10%
394 Marnoz
10%
190 Martigna
10%
574 Mesnay
10%
170 Mièges
10%
506 Molay
10%
397 Monnières
10%
232 Montlainsia
10%
192 Offlanges
10%
405 Ougney
10%
149 Our
10%
209 Rye
10%
396 Sapois
10%
175 Soucia
10%
461 Trenal
10%
189 Valempoulières
10%
466 Valzin en Petite Montagne
10%
297 Vernantois
10%
746 Asnans-Beauvoisin
9%
377 Aumur
9%
361 Avignon-lès-Saint-Claude
9%
319 Balaiseaux
9%
354 Balanod
9%
108 Boissia
9%
179 Bornay
9%
205 Brans
9%
216 Chapois
9%
127 Choux
9%
258 Jeurre
9%
152 La Châtelaine
9%
228 Le Louverot
9%
112 Molain
9%
234 Pont-d'Héry
9%
268 Quintigny
9%
89 Saffloz
9%
71 Songeson
9%
64 Thésy
9%
188 Augisey
8%
201 Auxange
8%
99 Blois-sur-Seille
8%
89 Cerniébaud
8%
465 Champagney
8%
226 Chancia
8%
39 Chêne-Sec
8%
254 Condamine
8%
71 Coyron
8%
77 Crans
8%
274 Cuvier
8%
349 Dammartin-Marpain
8%
146 Entre-deux-Monts
8%
52 Fraroz
8%
159 Frontenay
8%
75 Germigney
8%
178 Geruge
8%
137 Gillois
8%
230 Gizia
8%
98 Ivory
8%
223 La Bretenière
8%
86 Le Chateley
8%
87 Le Latet
8%
239 Lemuy
8%
317 Malange
8%
479 Mantry
8%
372 Montholier
8%
173 Montmirey-la-Ville
8%
194 Montmirey-le-Château
8%
87 Mournans-Charbonny
8%
70 Onoz
8%
341 Pagney
8%
221 Pagnoz
8%
154 Patornay
8%
208 Pimorin
8%
104 Plaisia
8%
126 Pointre
8%
264 Rainans
8%
448 Ravilloles
8%
345 Relans
8%
84 Rix
8%
260 Saint-Baraing
8%
245 Saint-Loup
8%
619 Salans
8%
280 Santans
8%
231 Sermange
8%
188 Serre-les-Moulières
8%
105 Supt
8%
383 Thervay
8%
61 Uxelles
8%
219 Vannoz
8%
395 Vincent-Froideville
8%
184 Vosbles-Valfin
8%
182 Augerans
7%
176 Barretaine
7%
234 Cernon
7%
390 Cesancey
7%
78 Chêne-Bernard
7%
262 Colonne
7%
235 Crenans
7%
139 Dournon
7%
360 Gatey
7%
199 Hautecour
7%
88 Les Chalesmes
7%
170 Le Vaudioux
7%
95 Louvatange
7%
77 Marnézia
7%
336 Maynal
7%
526 Nance
7%
541 Neublans-Abergement
7%
63 Onglières
7%
237 Oussières
7%
312 Peseux
7%
118 Présilly
7%
95 Vertamboz
7%
273 Vitreux
7%
151 Alièze
6%
78 Beffia
6%
75 Bellecombe
6%
43 Bretenières
6%
189 Chambéria
6%
104 Champrougier
6%
106 Chatelay
6%
57 Conte
6%
215 Cornod
6%
255 Courtefontaine
6%
72 Denezières
6%
363 Digna
6%
214 Dompierre-sur-Mont
6%
104 Doye
6%
82 Écrille
6%
122 Esserval-Tartre
6%
271 Gigny
6%
79 La Latette
6%
138 Largillay-Marsonnay
6%
206 Leschères
6%
160 Loisia
6%
144 Mathenay
6%
7 Mérona
6%
152 Miéry
6%
88 Molamboz
6%
111 Montagna-le-Reconduit
6%
137 Monteplain
6%
129 Moutonne
6%
174 Mutigney
6%
95 Neuvilley
6%
62 Pillemoine
6%
105 Plumont
6%
60 Pretin
6%
212 Romain
6%
114 Saint-Lamain
6%
70 Saint-Thiébaud
6%
192 Saligney
6%
222 Sarrogna
6%
58 Saugeot
6%
121 Taxenne
6%
296 Vadans
6%
318 Val-d'Épy
6%
28 Aresches
5%
187 Chaînée-des-Coupis
5%
55 Charency
5%
38 Charnod
5%
109 Chaussenans
5%
226 Chavéria
5%
128 Chevreaux
5%
34 Chevrotaine
5%
77 Clucy
5%
54 Coiserette
5%
46 Courbette
5%
82 Darbonnay
5%
205 Fontainebrux
5%
52 Francheville
5%
380 Frébuans
5%
139 Graye-et-Charnay
5%
59 Ivrey
5%
66 La Charme
5%
108 La Chassagne
5%
31 La Favière
5%
39 La Frasnée
5%
101 Larrivoire
5%
143 Lavangeot
5%
53 Le Larderet
5%
156 Lent
5%
251 Les Essards-Taignevaux
5%
349 Les Hays
5%
55 Les Repôts
5%
214 Lombard
5%
110 Marigna-sur-Valouse
5%
60 Menétrux-en-Joux
5%
123 Monay
5%
16 Monnetay
5%
147 Montcusel
5%
164 Montfleur
5%
74 Moutoux
5%
62 Plénise
5%
22 Plénisette
5%
92 Recanoz
5%
231 Rogna
5%
123 Rosay
5%
139 Rothonay
5%
116 Rouffange
5%
94 Saizenay
5%
38 Thoissia
5%
115 Véria
5%
184 Vescles
5%
38 Villerserine
5%
20 Vulvoz
5%
266 Augea
4%
116 Condes
4%
65 Coyrière
4%
29 Dramelay
4%
44 Geraise
4%
128 Moiron
4%
83 Montrevel
4%
153 Rotalier
4%
79 Séligney
4%
52 Sergenon
4%
60 Broissia
3%
38 Chemenot
3%
80 Foulenay
3%
74 Genod
3%
69 La Boissière
3%
89 Le Villey
3%
32 Montmarlon
3%
44 Nancuise
3%
53 Reithouse
3%
62 Sergenaux
3%
Aucun quiz correspondant
Distribution des résultats
% des personnes avec chaque résultat
Percentile par nombre de réponses
Votre historique - résultats
Vous n’avez pas pris ce quiz depuis la dernière actualisation